000 00365nam a22001457a 4500
003 OSt
005 20160727222349.0
008 160622b xxu||||| |||| 00| 0 eng d
040 _ctest
100 _9353
_aBlyton, E,
245 _aThe Famous 5
_bFive go to Mystery Moor
260 _aknight Books
300 _aThe Famous 5: Five go to Mystery Moor
942 _2ddc
_cBK
999 _c284
_d284